|
|
|
|
| LEADER |
00000cam a2200000 7i4500 |
| 001 |
0000002466 |
| 005 |
20030626.0 |
| 020 |
0 |
0 |
|a 3880854653
|
| 090 |
0 |
0 |
|a 307.1412095
|b WHE 1991
|
| 245 |
0 |
0 |
|a WHERE there is no participation ... :
|b insights, strategies, case studies, "do's and don'ts" in regional rural development, Asia
|c editor, Ulrike Muller-Glodde
|
| 260 |
0 |
0 |
|a Eschborn :
|b German Agency for Technical Cooperation ,
|c 1991
|
| 300 |
|
|
|a 96 p. ;
|c 21 cm.
|
| 500 |
0 |
0 |
|a Bibliography: p. 90-92
|
| 650 |
0 |
0 |
|a Community development
|z Asia
|
| 650 |
0 |
0 |
|a Rural development citizen participation
|z Asia
|
| 650 |
0 |
0 |
|a Rural development
|z Asia
|
| 700 |
0 |
1 |
|a Muller-Glodde
|h Ulrike
|
| 998 |
|
|
|a JPSM
|
| 999 |
|
|
|a 0000004136
|b Monograph
|c Open Shelf
|e Default branch
|